000 00276nam a22001217a 4500
082 _a519.4 VOL'A
100 _aVOLK, WILLIAM
_939493
245 _aAPPLIED STATISTICS FOR ENGINEERING
250 _a2ND
260 _aNEWYORK
_bMCGRAW HILL
_c1969
300 _a415P
942 _cBK
999 _c583837
_d583837